Censo agropecuario, 1984

Guardado en:
書目詳細資料
企業作者: Costa Rica. Ministerio de Economía, Industria y Comercio. Dirección General de Estadística y Censos
格式: Texto
出版: San José : MGP. Imprenta Nacional
主題:
標簽: 添加標簽
沒有標簽, 成為第一個標記此記錄!

MARC

LEADER 00000 a a2200000 04500
001 17456
003
040
090 |a 0001 CR8375c 1984  
110 |a Costa Rica. Ministerio de Economía, Industria y Comercio. Dirección General de Estadística y Censos  
245 |a Censo agropecuario, 1984  
260 |a San José :   |b MGP. Imprenta Nacional  
300 |a 72, 216 p.  
300 |b **no definido**  
650 |a SECTOR AGROPECUARIO  
650 |a CENSOS  
650 |a ECONOMIA  
650 |a INDUSTRIA  
650 |a COMERCIO  
650 |a COSTA RICA  
999 |c 12101  |d 12101